000
00278nam a2200097Ia 4500
008
220120s9999||||xx |||||||||||||| ||und||
100
_a
Aswin c k
_9
12788
245
0
_a
Advance Courier System
260
_a
Coorg Institute of Technology
_b
Ponnampet
_c
2003
650
_a
COMPUTER SCIENCE
999
_c
138388
_d
138388